[Event "4NCL Division 2c"]
[Site "Telford, ENG"]
[Date "2019.03.17"]
[Round "8.21"]
[White "Lewis, Andrew P"]
[Black "Payne, Matthew J"]
[Result "1/2-1/2"]
[WhiteElo "2320"]
[BlackElo "2275"]
[PlyCount "57"]
[EventDate "2019.03.17"]
[WhiteTeam "Anglian Avengers"]
[BlackTeam "Sussex Martlets 1"]

1. c4 Nf6 2. Nc3 g6 3. e4 d6 4. d4 Bg7 5. Nf3 O-O 6. Be2 e5 7. d5 a5 8. Be3 Ng4
9. Bg5 f6 10. Bh4 g5 11. Bg3 Nh6 12. h4 Nf7 13. hxg5 fxg5 14. Nh2 Nd7 15. Ng4
Nf6 16. Nxf6+ Qxf6 17. Bg4 c6 18. Bxc8 Rfxc8 19. Qe2 a4 20. O-O-O Nh8 21. dxc6
bxc6 22. c5 dxc5 23. Rd7 Qe6 24. Rhd1 Nf7 25. Qe3 a3 26. b3 c4 27. Na4 cxb3 28.
Qxb3 Qxb3 29. axb3 1/2-1/2

[Event "4NCL Division 2c"]
[Site "Telford, ENG"]
[Date "2019.03.17"]
[Round "8.22"]
[White "Cumming, Rhys"]
[Black "Talsma, Paul"]
[Result "1-0"]
[WhiteElo "2200"]
[BlackElo "2177"]
[PlyCount "119"]
[EventDate "2019.03.17"]
[WhiteTeam "Sussex Martlets 1"]
[BlackTeam "Anglian Avengers"]

1. e4 e5 2. Nf3 Nc6 3. Bc4 Nf6 4. d3 h6 5. O-O d6 6. c3 g6 7. d4 exd4 8. cxd4
Bg7 9. Nc3 O-O 10. d5 Ne7 11. Be3 g5 12. Rc1 Ng6 13. Qc2 a6 14. Ne2 Bd7 15. Ng3
Ng4 16. Bd2 N4e5 17. Nxe5 Nxe5 18. Be2 c6 19. dxc6 bxc6 20. Bc3 Be6 21. Rfd1
Qe7 22. b3 Rfc8 23. Qd2 d5 24. exd5 cxd5 25. Qe3 Qd6 26. h4 Ng4 27. Bxg4 Rxc3
28. Rxc3 Bxg4 29. Rcd3 Bxd1 30. Rxd1 d4 31. Qe4 Rd8 32. Nf5 Qe6 33. Qd3 gxh4
34. Nxh4 Rd5 35. Nf3 Qg6 36. Qxg6 fxg6 37. Kf1 Rc5 38. Ke2 Rd5 39. Kd3 Rc5 40.
Rd2 Rd5 41. Kc4 Rd6 42. Nxd4 h5 43. Nf3 Rc6+ 44. Kd5 Rf6 45. Rc2 Rf5+ 46. Kc6
g5 47. Ne1 g4 48. Nd3 h4 49. Kb7 h3 50. gxh3 gxh3 51. f4 Rd5 52. Ne5 Rd4 53.
Nf3 Rxf4 54. Ng5 Rh4 55. Rh2 Bf6 56. Nxh3 a5 57. Rf2 Kf7 58. Nf4 Ke8 59. Kc6
Bd8 60. Ng6 1-0

[Event "4NCL Division 2c"]
[Site "Telford, ENG"]
[Date "2019.03.17"]
[Round "8.23"]
[White "Walker, Martin G"]
[Black "Graham, David B"]
[Result "1-0"]
[WhiteElo "2156"]
[BlackElo "2149"]
[PlyCount "163"]
[EventDate "2019.03.17"]
[WhiteTeam "Anglian Avengers"]
[BlackTeam "Sussex Martlets 1"]

1. e4 e6 2. d4 d5 3. Nd2 Nf6 4. e5 Nfd7 5. Bd3 c5 6. c3 Nc6 7. Ne2 cxd4 8. cxd4
f6 9. Nf4 Nxd4 10. Qh5+ Ke7 11. exf6+ Nxf6 12. Ng6+ hxg6 13. Qxh8 Kf7 14. Qh4
e5 15. Nf3 Nxf3+ 16. gxf3 Bf5 17. Bxf5 gxf5 18. Bg5 Qa5+ 19. Kf1 d4 20. Rc1
Qa6+ 21. Kg2 Nd5 22. Rhe1 Re8 23. Qh5+ Qg6 24. Qxg6+ Kxg6 25. Bd2 Bd6 26. Rc4
Kf7 27. Ra4 a6 28. f4 Nb6 29. Ra5 Nc4 30. Rd5 Bb8 31. Bc1 Nb6 32. Ra5 Kf6 33.
fxe5+ Rxe5 34. Raxe5 Bxe5 35. Rd1 Ke6 36. Kf3 Kd5 37. Bf4 Bf6 38. Ke2 Na4 39.
Bc1 Nc5 40. Rg1 a5 41. f3 b5 42. Rg6 b4 43. h4 Bxh4 44. Bg5 d3+ 45. Kd2 Bg3 46.
Be3 Be5 47. Bxc5 Kxc5 48. Kxd3 b3 49. axb3 Bxb2 50. Rg5 Kb4 51. Kc2 Ba1 52.
Rxf5 Bf6 53. Rf4+ Kb5 54. Rc4 Be5 55. f4 Bf6 56. f5 Be5 57. Kd3 Bf6 58. Ke4 Be7
59. Kd5 Bf6 60. Ke6 Bb2 61. Kf7 Bf6 62. Re4 Bb2 63. Rg4 Be5 64. Rc4 Bf6 65. Ke6
Bb2 66. Rc7 Kb4 67. Rb7+ Ka3 68. Kf7 Bc3 69. Kg6 Bd4 70. Rb5 Bc3 71. Rb8 Bd4
72. Rb7 Bb2 73. Rxg7 Kxb3 74. Rb7+ Ka3 75. f6 Bxf6 76. Kxf6 a4 77. Ke5 Ka2 78.
Kd4 a3 79. Kc3 Ka1 80. Kb3 a2 81. Rh7 Kb1 82. Rh1# 1-0

[Event "4NCL Division 2c"]
[Site "Telford, ENG"]
[Date "2019.03.17"]
[Round "8.24"]
[White "Blake, J Morgan"]
[Black "Tozer, Philip A A"]
[Result "1-0"]
[WhiteElo "2162"]
[BlackElo "2123"]
[PlyCount "59"]
[EventDate "2019.03.17"]
[WhiteTeam "Sussex Martlets 1"]
[BlackTeam "Anglian Avengers"]

1. e4 e6 2. d4 d5 3. Nd2 Nf6 4. e5 Nfd7 5. Bd3 c5 6. c3 Nc6 7. Ndf3 Be7 8. Nh3
cxd4 9. cxd4 Qb6 10. Bc2 Bb4+ 11. Kf1 h6 12. Nf4 g5 13. Ne2 g4 14. Nfg1 f5 15.
Be3 Be7 16. Nf4 Ndxe5 17. dxe5 d4 18. Bc1 Nxe5 19. Nge2 Bc5 20. b4 Qxb4 21. Rb1
Qc4 22. Bb2 Nc6 23. Bb3 Qa6 24. Nxe6 Bxe6 25. Bxe6 Rf8 26. Kg1 Rf6 27. Nf4 Kf8
28. Qc2 Bd6 29. Bc4 Qa5 30. Ne6+ 1-0

[Event "4NCL Division 2c"]
[Site "Telford, ENG"]
[Date "2019.03.17"]
[Round "8.25"]
[White "Cocks, Elliot"]
[Black "Willson, Ollie"]
[Result "0-1"]
[WhiteElo "2080"]
[BlackElo "2155"]
[PlyCount "106"]
[EventDate "2019.03.17"]
[WhiteTeam "Anglian Avengers"]
[BlackTeam "Sussex Martlets 1"]

1. d4 Nf6 2. Nc3 d5 3. Bf4 Bf5 4. f3 e6 5. g4 Bg6 6. h4 h6 7. e3 a6 8. Bd3 Bxd3
9. cxd3 Nbd7 10. Nge2 c5 11. dxc5 Bxc5 12. d4 Be7 13. Kf2 Nb6 14. Rc1 Nc4 15.
b3 Nd6 16. Bg3 b5 17. Nf4 Rc8 18. Kg2 Qa5 19. Be1 Qb6 20. Bf2 Qb7 21. Qd3 Rc6
22. Nce2 Rxc1 23. Rxc1 Kd7 24. Qd1 Rc8 25. Nd3 Rxc1 26. Qxc1 Kd8 27. Ne5 Bf8
28. Nf4 Nd7 29. Nfd3 Nxe5 30. Nxe5 Nc8 31. Be1 Na7 32. Ba5+ Ke8 33. Qc7 Qxc7
34. Bxc7 b4 35. Nd3 Kd7 36. Bb6 Nc6 37. Bc5 Bd6 38. Kf2 f6 39. Bxd6 Kxd6 40.
Nc5 a5 41. Ke2 g6 42. Kd3 e5 43. f4 exd4 44. exd4 Ne7 45. Nb7+ Kc6 46. Nc5 Kd6
47. Nb7+ Kc6 48. Nd8+ Kd7 49. Nb7 h5 50. g5 fxg5 51. hxg5 Nf5 52. Ke2 Nxd4+ 53.
Kf2 Ne6 0-1

[Event "4NCL Division 2c"]
[Site "Telford, ENG"]
[Date "2019.03.17"]
[Round "8.26"]
[White "Miller, Dominic"]
[Black "Peck, Silas"]
[Result "1-0"]
[WhiteElo "2177"]
[BlackElo "2065"]
[PlyCount "175"]
[EventDate "2019.03.17"]
[WhiteTeam "Sussex Martlets 1"]
[BlackTeam "Anglian Avengers"]

1. d4 d5 2. c4 e6 3. Nc3 Nf6 4. Nf3 Be7 5. Bf4 O-O 6. e3 c6 7. Qc2 Nbd7 8. h3
Re8 9. a3 Nf8 10. Bd3 dxc4 11. Bxc4 Nd5 12. Bg3 Bd6 13. Bxd6 Qxd6 14. Ne4 Qe7
15. Ne5 f6 16. Nf3 Kh8 17. Bd3 Bd7 18. O-O Red8 19. Nc5 Be8 20. Rfe1 Rac8 21.
b4 Rc7 22. g3 Bh5 23. Nd2 Nb6 24. Ndb3 Qd6 25. Bf1 Nbd7 26. Bg2 Nxc5 27. bxc5
Qe7 28. Na5 Be8 29. Nc4 Bd7 30. Qa4 Bc8 31. Rab1 Rdd7 32. Nd6 a6 33. h4 Kg8 34.
Bh3 Ng6 35. Qc4 Nf8 36. e4 Rd8 37. e5 Kh8 38. h5 f5 39. f4 g5 40. hxg6 Nxg6 41.
Qe2 Rg8 42. Kh2 Qf8 43. Qh5 Rcg7 44. Rb3 Ne7 45. Bg2 Rg6 46. Kg1 R8g7 47. Kf2
Ng8 48. Rh1 Nh6 49. Qe2 Qg8 50. Rh3 Ng4+ 51. Ke1 Nh6 52. Bf3 Nf7 53. Nxf7+ Qxf7
54. Bh5 Qg8 55. Bxg6 Rxg6 56. Qh5 Qg7 57. Qh4 Qd7 58. Rb2 Kg8 59. Qh5 Qg7 60.
Rbh2 h6 61. Qf3 Kh7 62. Rh4 Bd7 63. Rg2 Qe7 64. Qf2 Qg7 65. Qg1 Rg4 66. Qh2 Be8
67. Rxg4 Qxg4 68. Qh4 Qg7 69. Qf6 Qxf6 70. exf6 Bd7 71. g4 Kg6 72. g5 hxg5 73.
Rxg5+ Kxf6 74. Rg8 e5 75. dxe5+ Ke6 76. Rd8 a5 77. Kd2 Ke7 78. Rb8 Be8 79.
Rxb7+ Ke6 80. Ra7 a4 81. Rxa4 Kd5 82. Kc3 Kxc5 83. Ra5+ Kb6 84. Kb4 Bf7 85. Rc5
Bd5 86. a4 Ka6 87. Rxd5 cxd5 88. Kc5 1-0

[Event "4NCL Division 2c"]
[Site "Telford, ENG"]
[Date "2019.03.17"]
[Round "8.27"]
[White "Myall, Ivan J"]
[Black "Grant, David J"]
[Result "1/2-1/2"]
[WhiteElo "2042"]
[BlackElo "2222"]
[PlyCount "29"]
[EventDate "2019.03.17"]
[WhiteTeam "Anglian Avengers"]
[BlackTeam "Sussex Martlets 1"]

1. d4 Nf6 2. Bf4 g6 3. Nc3 c5 4. dxc5 Qa5 5. Qd2 Bg7 6. O-O-O O-O 7. Kb1 Qxc5
8. f3 d6 9. Bh6 Nc6 10. Bxg7 Kxg7 11. e4 Be6 12. Nge2 b5 13. Nd4 Nxd4 14. Qxd4
a6 15. Qxc5 1/2-1/2

[Event "4NCL Division 2c"]
[Site "Telford, ENG"]
[Date "2019.03.17"]
[Round "8.28"]
[White "Graham, Cassie M"]
[Black "Wallis, Ian J"]
[Result "1/2-1/2"]
[WhiteElo "2057"]
[BlackElo "2046"]
[Annotator "Alan"]
[PlyCount "36"]
[EventDate "2019.03.17"]
[WhiteTeam "Sussex Martlets 1"]
[BlackTeam "Anglian Avengers"]

1. e4 e5 2. Nf3 Nc6 3. Bc4 Nf6 4. d3 h6 5. c3 d6 6. Bb3 g6 7. Nbd2 Bg7 8. h3
O-O 9. Nf1 d5 10. Qe2 Be6 11. Bc2 Qd6 12. g4 Nd7 13. Ng3 Rad8 14. Rg1 dxe4 15.
Nxe4 Qe7 16. h4 Nc5 17. h5 Nxe4 18. dxe4 g5 1/2-1/2

[Event "4NCL Division 2c"]
[Site "Telford, ENG"]
[Date "2019.03.17"]
[Round "8.31"]
[White "Harakis, Alexis M"]
[Black "Bisby, Daniel L"]
[Result "0-1"]
[WhiteElo "2304"]
[BlackElo "2332"]
[PlyCount "48"]
[EventDate "2019.03.17"]
[WhiteTeam "KJCA Kings"]
[BlackTeam "Cambridge University 1"]

1. d4 Nf6 2. c4 g6 3. Nc3 Bg7 4. e4 O-O 5. Nge2 d6 6. Ng3 a6 7. d5 c6 8. Be2 b5
9. dxc6 b4 10. Na4 Nxc6 11. Be3 Rb8 12. O-O h5 13. f3 h4 14. Nh1 h3 15. g3 Nd7
16. Rb1 Qa5 17. b3 Nc5 18. Qd5 Nxa4 19. Qxa5 Nxa5 20. bxa4 Be6 21. Rfc1 Rfc8
22. Bd2 b3 23. axb3 Nxb3 24. Rc2 Nd4 0-1

[Event "4NCL Division 2c"]
[Site "Telford, ENG"]
[Date "2019.03.17"]
[Round "8.32"]
[White "McClement, Andrew"]
[Black "Golding, James"]
[Result "1-0"]
[WhiteElo "2231"]
[BlackElo "2152"]
[PlyCount "99"]
[EventDate "2019.03.17"]
[WhiteTeam "Cambridge University 1"]
[BlackTeam "KJCA Kings"]

1. Nf3 d5 2. c4 e6 3. d4 c6 4. g3 dxc4 5. Bg2 b5 6. Ne5 Bb7 7. a4 a6 8. Nc3 Nf6
9. Bg5 Qb6 10. O-O Be7 11. f4 h6 12. Bxf6 gxf6 13. Ng4 Nd7 14. Kh1 f5 15. Ne5
Nxe5 16. dxe5 b4 17. a5 Qc7 18. Na4 Qxa5 19. e4 fxe4 20. f5 Qxe5 21. fxe6 Qxe6
22. Qh5 O-O 23. Rf4 f5 24. Bh3 Bg5 25. Nc5 Qf7 26. Qxf7+ Rxf7 27. Rxf5 Bc8 28.
Rxf7 Kxf7 29. Bf1 Bg4 30. Bxc4+ Kg6 31. h4 Be3 32. Nxe4 Bf3+ 33. Kh2 Re8 34.
Bf7+ Kxf7 35. Nd6+ Ke7 36. Nxe8 Kxe8 37. Re1 Bd5 38. Rxe3+ Kf7 39. g4 a5 40.
Kg3 a4 41. Kf4 b3 42. Re2 c5 43. Ke5 Bc6 44. Re1 Bg2 45. Ra1 Bc6 46. Rc1 Ke7
47. g5 hxg5 48. hxg5 Kf7 49. Rxc5 a3 50. Rxc6 1-0

[Event "4NCL Division 2c"]
[Site "Telford, ENG"]
[Date "2019.03.17"]
[Round "8.33"]
[White "Hand, Freddie"]
[Black "Hill, Alistair"]
[Result "1/2-1/2"]
[WhiteElo "2159"]
[BlackElo "2197"]
[PlyCount "52"]
[EventDate "2019.03.17"]
[WhiteTeam "KJCA Kings"]
[BlackTeam "Cambridge University 1"]

1. d4 Nf6 2. c4 g6 3. f3 c5 4. d5 Bg7 5. e4 d6 6. Ne2 O-O 7. Nec3 e6 8. Be2 Nh5
9. Be3 f5 10. O-O e5 11. a3 Nf4 12. Kh1 Nd7 13. b4 b6 14. Nd2 Nf6 15. bxc5 bxc5
16. Qa4 fxe4 17. Ndxe4 Bf5 18. Bd1 Nxe4 19. fxe4 Bd7 20. Qc2 Rb8 21. g3 Nh5 22.
Rxf8+ Bxf8 23. Rb1 Rxb1 24. Qxb1 Qa5 25. Qb2 Nf6 26. Kg2 Kf7 1/2-1/2

[Event "4NCL Division 2c"]
[Site "Telford, ENG"]
[Date "2019.03.17"]
[Round "8.34"]
[White "Stanisz, Patryk"]
[Black "Bansal, Rohan"]
[Result "1/2-1/2"]
[WhiteElo "2141"]
[BlackElo "2036"]
[PlyCount "87"]
[EventDate "2019.03.17"]
[WhiteTeam "Cambridge University 1"]
[BlackTeam "KJCA Kings"]

1. Nf3 Nf6 2. c4 e6 3. Nc3 b6 4. g3 Bb7 5. Bg2 Be7 6. O-O O-O 7. d4 Ne4 8. Qc2
Nxc3 9. Qxc3 Be4 10. b4 Bf6 11. c5 d6 12. cxd6 Qxd6 13. Bf4 Qd5 14. Be5 Nc6 15.
Bxf6 gxf6 16. Rfd1 Rad8 17. Rd2 Kg7 18. Rad1 a5 19. a3 axb4 20. axb4 Qb5 21.
Ne1 Bxg2 22. Nxg2 Rd6 23. d5 Qxb4 24. Qc1 Rfd8 25. Ne3 Ne7 26. Rd4 Qb3 27. R1d3
Qa2 28. Rg4+ Ng6 29. dxe6 Qxe6 30. Qxc7 Rxd3 31. Rc4 Ne5 32. exd3 Rxd3 33. Rf4
Rd7 34. Qc2 Qc6 35. Nf5+ Kf8 36. Qe2 Ra7 37. f3 Qc5+ 38. Kg2 Rd7 39. Qa2 Qc7
40. Ra4 Rd8 41. Ra7 Qc3 42. Qd5 Qc2+ 43. Kf1 Qc1+ 44. Kg2 1/2-1/2

[Event "4NCL Division 2c"]
[Site "Telford, ENG"]
[Date "2019.03.17"]
[Round "8.35"]
[White "Yoon, Jacob D"]
[Black "Robertson, J Stuart"]
[Result "0-1"]
[WhiteElo "1957"]
[BlackElo "2149"]
[PlyCount "126"]
[EventDate "2019.03.17"]
[WhiteTeam "KJCA Kings"]
[BlackTeam "Cambridge University 1"]

1. d4 d5 2. Nc3 Nf6 3. Bf4 c5 4. e3 cxd4 5. exd4 a6 6. Nf3 Bg4 7. h3 Bh5 8. Be2
e6 9. Ne5 Bxe2 10. Nxe2 Be7 11. O-O O-O 12. Ng3 Nbd7 13. Re1 Rc8 14. Rc1 Qb6
15. Re3 Rfd8 16. Rb3 Qa7 17. Kh2 b5 18. Rd3 Nb6 19. b3 Ne4 20. Nxe4 dxe4 21.
Rg3 Bf6 22. c4 bxc4 23. bxc4 Nd7 24. Qe2 Nf8 25. Qxe4 Qxd4 26. Ng4 Ng6 27.
Nxf6+ gxf6 28. Qe3 Rxc4 29. Rxc4 Qxc4 30. Qb6 Rc8 31. Qb7 h5 32. Bh6 Qc7 33.
Qxc7 Rxc7 34. Ra3 Rc6 35. Be3 Kg7 36. Ra5 f5 37. Bd4+ f6 38. Rc5 Rxc5 39. Bxc5
e5 40. a3 Kf7 41. g3 Ke6 42. Kg2 Kd5 43. Bb6 f4 44. g4 hxg4 45. hxg4 e4 46. Bd8
Ke6 47. g5 f5 48. Bc7 Ne5 49. Kf1 Nd3 50. Ke2 f3+ 51. Ke3 Kf7 52. a4 Kg6 53.
Bd8 Nb2 54. a5 Nd3 55. Bf6 Nb4 56. Bd8 Nc6 57. Bb6 Kxg5 58. Bc7 Kf6 59. Bb8 Ke6
60. Kf4 Nb4 61. Ba7 Nd5+ 62. Kg3 Kd6 63. Bd4 Kc6 0-1

[Event "4NCL Division 2c"]
[Site "Telford, ENG"]
[Date "2019.03.17"]
[Round "8.36"]
[White "Beckett, Chris J"]
[Black "Anilkumar, Anantha P"]
[Result "1-0"]
[WhiteElo "2170"]
[BlackElo "1906"]
[PlyCount "73"]
[EventDate "2019.03.17"]
[WhiteTeam "Cambridge University 1"]
[BlackTeam "KJCA Kings"]

1. d4 Nf6 2. c4 g6 3. Nc3 d5 4. Bf4 Bg7 5. e3 O-O 6. cxd5 Nxd5 7. Nxd5 Qxd5 8.
Bxc7 Nc6 9. Ne2 Bg4 10. f3 Bc8 11. Nc3 Qd7 12. Bg3 a6 13. Be2 b5 14. O-O Bb7
15. Rc1 Rac8 16. Ne4 Ba8 17. Qb3 Qa7 18. Bf2 e5 19. d5 Na5 20. Qb4 Nc4 21. Bxc4
bxc4 22. Nd6 Qb8 23. Qxb8 Rxb8 24. e4 Rxb2 25. Nxc4 Rbb8 26. Nb6 Rfd8 27. Rc7
Bf8 28. Rfc1 Bd6 29. Rc8 Bb7 30. Rxd8+ Rxd8 31. Rb1 f6 32. Nc4 Bc8 33. Bb6 Rd7
34. Nxd6 Rxd6 35. Bc7 Rd7 36. d6 Rf7 37. Rb8 1-0

[Event "4NCL Division 2c"]
[Site "Telford, ENG"]
[Date "2019.03.17"]
[Round "8.37"]
[White "Young, Daniel J"]
[Black "Chan, Nevil"]
[Result "1/2-1/2"]
[WhiteElo "1981"]
[BlackElo "2016"]
[PlyCount "32"]
[EventDate "2019.03.17"]
[WhiteTeam "KJCA Kings"]
[BlackTeam "Cambridge University 1"]

1. e4 Nc6 2. d4 e5 3. dxe5 Nxe5 4. Nf3 Nxf3+ 5. gxf3 g6 6. Nc3 Bg7 7. Be3 d6 8.
Qd2 Be6 9. O-O-O a6 10. Nd5 Qd7 11. Qa5 Bxd5 12. Qxd5 Ne7 13. Qd2 Qe6 14. Qa5
O-O 15. Be2 Nc6 16. Qa3 f5 1/2-1/2

[Event "4NCL Division 2c"]
[Site "Telford, ENG"]
[Date "2019.03.17"]
[Round "8.38"]
[White "York-Andersen, Anna"]
[Black "Bansal, Saahil"]
[Result "0-1"]
[WhiteElo "1758"]
[BlackElo "1802"]
[PlyCount "114"]
[EventDate "2019.03.17"]
[WhiteTeam "Cambridge University 1"]
[BlackTeam "KJCA Kings"]

1. e4 e6 2. d4 d5 3. Nd2 c5 4. exd5 Qxd5 5. dxc5 Qxc5 6. Ngf3 Nf6 7. Bd3 Qc7 8.
O-O Be7 9. Qe2 O-O 10. Ne4 h6 11. Nxf6+ Bxf6 12. Qe4 Rd8 13. Bf4 Qc6 14. Qh7+
Kf8 15. Be5 Nd7 16. Rfe1 Qd5 17. Bc7 Re8 18. Rad1 Qc6 19. Be5 Nxe5 20. Nxe5 Qc5
21. Nc4 Bd7 22. Be2 Bc6 23. Qd3 Rad8 24. Qg3 Bd5 25. b3 a6 26. Bd3 Bc3 27. Rf1
b5 28. Nd2 Qd4 29. Nf3 Qf6 30. a4 bxa4 31. bxa4 Ra8 32. h3 Kg8 33. Qg4 a5 34.
Be4 Bxe4 35. Qxe4 Rab8 36. Qc6 Rec8 37. Qd7 Bb4 38. Qd3 Qc3 39. Nd4 e5 40. Nb5
Qxc2 41. Qf3 Qxa4 42. Rd7 Rf8 43. Rb7 Rxb7 44. Qxb7 Qc2 45. Qd5 Qc5 46. Qd3 Rb8
47. Rd1 Qxb5 48. Qf5 Qe8 49. Rd7 Qe6 50. Qd3 Re8 51. Rd8 Rxd8 52. Qxd8+ Kh7 53.
Qd3+ e4 54. Qc2 f5 55. h4 e3 56. Qe2 exf2+ 57. Qxf2 Qe1+ 0-1

[Event "4NCL Division 2c"]
[Site "Telford, ENG"]
[Date "2019.03.17"]
[Round "8.41"]
[White "Rocco, Federico"]
[Black "Rogers, Jonathan W"]
[Result "0-1"]
[WhiteElo "2282"]
[BlackElo "2317"]
[PlyCount "66"]
[EventDate "2019.03.17"]
[WhiteTeam "Barnet Knights 1"]
[BlackTeam "Barbican 4NCL 2"]

1. e4 g6 2. d4 Bg7 3. Nc3 c6 4. Nf3 d5 5. h3 Nf6 6. e5 Ne4 7. Nxe4 dxe4 8. Ng5
c5 9. Bc4 O-O 10. c3 cxd4 11. cxd4 Nc6 12. Be3 Qa5+ 13. Kf1 h6 14. Nxe4 Bf5 15.
Ng3 Rad8 16. Nxf5 gxf5 17. Qe1 Qxe1+ 18. Rxe1 f4 19. Bc1 Rxd4 20. b3 Rfd8 21.
e6 f5 22. Kg1 Be5 23. f3 Bf6 24. h4 Nb4 25. Rf1 Kg7 26. a4 Nc6 27. Kh2 Na5 28.
Bb2 Rd2 29. Bc1 Nxc4 30. Bxd2 Nxd2 31. Rc1 Bxh4 32. Rc7 Bg3+ 33. Kh3 Kf6 0-1

[Event "4NCL Division 2c"]
[Site "Telford, ENG"]
[Date "2019.03.17"]
[Round "8.42"]
[White "Taylor, Martin R"]
[Black "Villiers, Thomas"]
[Result "1-0"]
[WhiteElo "2332"]
[BlackElo "2245"]
[PlyCount "89"]
[EventDate "2019.03.17"]
[WhiteTeam "Barbican 4NCL 2"]
[BlackTeam "Barnet Knights 1"]

1. d4 e6 2. c4 Nf6 3. Nc3 Bb4 4. Qc2 c5 5. dxc5 O-O 6. a3 Bxc5 7. Nf3 b6 8. Bg5
Bb7 9. e4 Be7 10. O-O-O d6 11. e5 Ne8 12. h4 Na6 13. Bd3 h6 14. Bh7+ Kh8 15.
Be4 Nc5 16. Bxb7 Nxb7 17. Qe4 Nc5 18. Qe3 h5 19. Bxe7 Qxe7 20. exd6 Nxd6 21.
Qg5 Qxg5+ 22. hxg5 Rfd8 23. Rxh5+ Kg8 24. Ne5 g6 25. Rh3 Nde4 26. Rxd8+ Rxd8
27. Nxe4 Nxe4 28. Rh8+ Kxh8 29. Nxf7+ Kg8 30. Nxd8 Nxf2 31. Nxe6 Nd3+ 32. Kc2
Ne5 33. Kc3 Kf7 34. Nf4 Ke7 35. b4 Kd6 36. Kd4 Nf7 37. c5+ bxc5+ 38. bxc5+ Kc6
39. Nxg6 Nxg5 40. Ne5+ Kc7 41. Kd5 a6 42. g4 Nh3 43. Ke6 a5 44. Kf5 a4 45. g5
1-0

[Event "4NCL Division 2c"]
[Site "Telford, ENG"]
[Date "2019.03.17"]
[Round "8.43"]
[White "Willmoth, Robert F"]
[Black "Navarro Cia, Miguel"]
[Result "1/2-1/2"]
[WhiteElo "2192"]
[BlackElo "2253"]
[PlyCount "62"]
[EventDate "2019.03.17"]
[WhiteTeam "Barnet Knights 1"]
[BlackTeam "Barbican 4NCL 2"]

1. Nf3 f5 2. d4 Nf6 3. b3 g6 4. Bb2 Bg7 5. Nbd2 O-O 6. e3 d6 7. Bc4+ e6 8. Qe2
Kh8 9. h3 e5 10. dxe5 Nfd7 11. O-O-O Nxe5 12. Nxe5 Bxe5 13. f4 Bxb2+ 14. Kxb2
d5 15. Bd3 a5 16. g4 a4 17. c3 Qe7 18. Rb1 Re8 19. Rhe1 c5 20. gxf5 Bxf5 21.
Bxf5 gxf5 22. Qg2 Nc6 23. Nf3 a3+ 24. Ka1 Qf6 25. Qd2 Rad8 26. Rbd1 b5 27. Kb1
h6 28. Qc1 Qe7 29. Ka1 Qf6 30. Kb1 Qe7 31. Ka1 Qf6 1/2-1/2

[Event "4NCL Division 2c"]
[Site "Telford, ENG"]
[Date "2019.03.17"]
[Round "8.44"]
[White "Moss, Guy"]
[Black "Pollack, Oscar"]
[Result "1-0"]
[WhiteElo "2179"]
[BlackElo "2222"]
[PlyCount "75"]
[EventDate "2019.03.17"]
[WhiteTeam "Barbican 4NCL 2"]
[BlackTeam "Barnet Knights 1"]

1. e4 e6 2. d4 d5 3. e5 c5 4. c3 Nc6 5. Nf3 Bd7 6. a3 f6 7. Bd3 Qc7 8. O-O
O-O-O 9. Re1 fxe5 10. dxe5 Nh6 11. b4 Nf7 12. Qe2 c4 13. Bc2 h6 14. b5 Na5 15.
Nd4 Bc5 16. a4 g5 17. Ba3 b6 18. Nd2 Kb8 19. Nf1 Nb7 20. Bb4 Rhg8 21. h3 Bf8
22. Bxf8 Rdxf8 23. Ng3 Nc5 24. Nh5 g4 25. hxg4 Nd3 26. Bxd3 cxd3 27. Qe3 Rxg4
28. Nf6 Rg6 29. a5 Nd8 30. axb6 axb6 31. Nxd7+ Qxd7 32. Ra6 Qg7 33. g3 h5 34.
Rxb6+ Kc7 35. Ra1 Qh6 36. Nxe6+ Nxe6 37. Ra7+ Kc8 38. Rb8+ 1-0

[Event "4NCL Division 2c"]
[Site "Telford, ENG"]
[Date "2019.03.17"]
[Round "8.45"]
[White "Smith, Andrew Philip"]
[Black "Hodgson, John H"]
[Result "1-0"]
[WhiteElo "2207"]
[BlackElo "2091"]
[PlyCount "123"]
[EventDate "2019.03.17"]
[WhiteTeam "Barnet Knights 1"]
[BlackTeam "Barbican 4NCL 2"]

1. e4 c5 2. b3 d6 3. Bb2 Nf6 4. Nc3 e6 5. g4 h6 6. Bg2 Nc6 7. h3 Be7 8. Nge2
Bd7 9. d4 cxd4 10. Nxd4 Nxd4 11. Qxd4 e5 12. Qd3 Bc6 13. O-O-O Qb6 14. Qg3
O-O-O 15. f4 Nd7 16. Kb1 exf4 17. Qxf4 Ne5 18. Nd5 Bxd5 19. Rxd5 f6 20. Bd4 Qa6
21. Bf1 Qa3 22. Bb5 Kb8 23. Rd1 a6 24. Bb2 Qa5 25. Bd7 Qc7 26. Be6 h5 27. R5d2
hxg4 28. hxg4 Rh3 29. Qf2 Ka8 30. Qf1 Rdh8 31. Bxe5 fxe5 32. Qf7 g5 33. Bc4 Ka7
34. Qd5 Qc6 35. Rf2 Qxd5 36. Bxd5 Rh1 37. Rxh1 Rxh1+ 38. Kb2 Rh7 39. a4 a5 40.
Kc3 Kb6 41. Kc4 Bd8 42. Bf7 Kc6 43. Be8+ Kc7 44. Kd5 Be7 45. Rf3 Kd8 46. Bg6
Rh6 47. Bf5 Ke8 48. Be6 Rh2 49. c3 Rb2 50. Kc4 Bd8 51. Rf7 b6 52. Rd7 Rd2 53.
Kb5 Rd3 54. Kc6 Rxc3+ 55. Kxd6 Rd3+ 56. Bd5 Rf3 57. Rb7 Rf6+ 58. Kxe5 Rh6 59.
Be6 Rh3 60. Kd6 Rh6 61. e5 Rh3 62. Bd5 1-0

[Event "4NCL Division 2c"]
[Site "Telford, ENG"]
[Date "2019.03.17"]
[Round "8.46"]
[White "Leon Cazares, Gustavo"]
[Black "Ethelontis, Alexandros N"]
[Result "1-0"]
[WhiteElo "2059"]
[BlackElo "2185"]
[PlyCount "99"]
[EventDate "2019.03.17"]
[WhiteTeam "Barbican 4NCL 2"]
[BlackTeam "Barnet Knights 1"]

1. e4 e6 2. d4 d5 3. Nc3 Bb4 4. e5 c5 5. a3 Bxc3+ 6. bxc3 Ne7 7. h4 Qc7 8. Bd2
b6 9. a4 h6 10. h5 Ba6 11. Bb5+ Bxb5 12. axb5 cxd4 13. cxd4 Qc4 14. Rb1 Qxd4
15. Nf3 Qe4+ 16. Kf1 Qc4+ 17. Kg1 Nd7 18. Rh4 Qc7 19. Qe2 Rc8 20. Rg4 Nf5 21.
c4 d4 22. Rb4 Rd8 23. Rf4 d3 24. Qe1 Rg8 25. g4 Ne7 26. Kf1 g5 27. Rd4 Nc5 28.
Qe3 Qb7 29. Bc3 Rf8 30. Rxd8+ Kxd8 31. Bd4 Qd7 32. Bxc5 bxc5 33. Rb3 Ke8 34.
Rxd3 Qc7 35. Qe4 f5 36. exf6 Rxf6 37. Ne5 Rf4 38. Qa8+ Nc8 39. Rd7 Qxd7 40.
Nxd7 Kxd7 41. Qb7+ Kd8 42. Qc6 Nb6 43. Qd6+ Nd7 44. Qxe6 Rf6 45. Qg8+ Ke7 46.
Kg2 Nb6 47. Qg7+ Ke6 48. Qxa7 Ke5 49. Qe7+ Re6 50. Qxc5+ 1-0

[Event "4NCL Division 2c"]
[Site "Telford, ENG"]
[Date "2019.03.17"]
[Round "8.47"]
[White "Orgler, Philipp"]
[Black "Makepeace, Philip J"]
[Result "1/2-1/2"]
[WhiteElo "2057"]
[BlackElo "2056"]
[PlyCount "132"]
[EventDate "2019.03.17"]
[WhiteTeam "Barnet Knights 1"]
[BlackTeam "Barbican 4NCL 2"]

1. d4 Nf6 2. Nc3 d5 3. Bg5 c6 4. Bxf6 exf6 5. e3 Bf5 6. Bd3 Bxd3 7. Qxd3 Bd6 8.
Nf3 O-O 9. O-O Na6 10. a3 Nc7 11. e4 dxe4 12. Nxe4 Re8 13. Nxd6 Qxd6 14. Rad1
g6 15. Rfe1 Rad8 16. Rxe8+ Rxe8 17. Qb3 b6 18. Qb4 Qxb4 19. axb4 Nd5 20. c3 b5
21. Kf1 Ra8 22. Ra1 Kf8 23. Ra6 Nb6 24. Ke2 Ke7 25. Kd3 Kd6 26. Nd2 Nd5 27.
Ne4+ Kd7 28. g3 h6 29. Ra1 f5 30. Nc5+ Kd6 31. b3 Kc7 32. Na6+ Kb6 33. c4 Nf6
34. f3 f4 35. Nc5 fxg3 36. hxg3 Nh5 37. g4 Nf4+ 38. Ke3 g5 39. Ra6+ Kc7 40. Ne4
bxc4 41. bxc4 Kb7 42. Ra2 Re8 43. Rh2 h5 44. Kd2 Rd8 45. Kc3 hxg4 46. fxg4 Ne6
47. Rh7 Nxd4 48. Rxf7+ Kb8 49. Nxg5 Ne2+ 50. Kb3 Nd4+ 51. Kb2 Rg8 52. Rf4 Rxg5
53. Rxd4 c5 54. bxc5 Kc7 55. Kc3 a5 56. Rf4 Rg7 57. Kd4 Kc6 58. Ke5 Kxc5 59.
Kf6 Ra7 60. g5 a4 61. g6 a3 62. g7 Rxg7 63. Kxg7 a2 64. Rf1 Kxc4 65. Ra1 Kb3
66. Rxa2 Kxa2 1/2-1/2

[Event "4NCL Division 2c"]
[Site "Telford, ENG"]
[Date "2019.05.04"]
[Round "9.11"]
[White "Cumming, Rhys"]
[Black "Ivell, Nicholas W"]
[Result "1-0"]
[WhiteElo "2218"]
[BlackElo "2198"]
[PlyCount "97"]
[EventDate "2019.05.04"]
[WhiteTeam "Sussex Martlets 1"]
[BlackTeam "Spirit of Atticus A"]

1. e4 c5 2. Nf3 e6 3. d4 cxd4 4. Nxd4 Nf6 5. Nc3 d6 6. g4 h6 7. h4 Nc6 8. Rg1
d5 9. exd5 Nxd5 10. Nxd5 exd5 11. Be3 Be7 12. Qd2 Bxh4 13. O-O-O O-O 14. Nxc6
bxc6 15. g5 hxg5 16. Bxg5 Bxg5 17. Rxg5 Qf6 18. Bd3 Rb8 19. c3 Re8 20. f4 Bd7
21. Rdg1 Kf8 22. Qf2 a5 23. f5 Qh6 24. Kb1 f6 25. Rg6 Qe3 26. Qxe3 Rxe3 27.
Rxg7 Rbe8 28. Kc2 Bc8 29. Kd2 R3e5 30. Rg8+ Ke7 31. Rxe8+ Kxe8 32. Rg8+ Kd7 33.
Rf8 Re8 34. Rxf6 Rh8 35. Re6 Rh3 36. Re3 Rh6 37. Rf3 Rh2+ 38. Kc1 Ke7 39. f6+
Kf8 40. f7 Be6 41. Bg6 Rh1+ 42. Kd2 Rh2+ 43. Kd3 Rxb2 44. Rf6 d4 45. Kxd4 Bxa2
46. c4 Bb1 47. Bh5 Rh2 48. Rh6 Bg6 49. Rh8+ 1-0